Statistics for Alcoholic... or Teetotaler?

Click here to take the quiz!

General Stats

  • This quiz has been taken 9,402 times
  • The average score is 11 of 15

Answer Stats

QuestionAnswer% Correct
Winston ChurchillDrinker
91%
Frank SinatraDrinker
91%
Ernest HemingwayDrinker
89%
Narendra Modi (Prime Minister of India)Non-drinker
89%
Adolf HitlerNon-drinker
88%
Boris YeltsinDrinker
87%
Vincent Van GoghDrinker
85%
Cristiano RonaldoNon-drinker
76%
Donald TrumpNon-drinker
73%
Jim CarreyNon-drinker
69%
CleopatraDrinker
67%
Ulysses S. GrantDrinker
66%
Susan B. AnthonyNon-drinker
57%
Alexander the GreatDrinker
52%
Joe BidenNon-drinker
52%

Score Distribution

Percentile by Number Answered

Percent of People with Each Score

Your Score History

You have not taken this quiz